Les félins dans les films - Statistiques

Statistiques générales
  • Ce quiz a été pris 206 fois
  • Le résultat moyen est 8 sur 16
Statistiques - réponses
Par images Réponse % Correct
Le Roi Lion
98%
Madagascar
97%
Le Monde de Narnia 2 : Le Prince Caspian
94%
Le Livre de la Jungle
87%
Kung Fu Panda
77%
Le Magicien d'Oz
70%
L'Odyssée de Pi
63%
Deux Frères
45%
Jumanji
38%
Safari
28%
Mia et le Lion Blanc
24%
The Wild
15%
Félins
9%
Le Loup et le Lion
6%
Le Cerveau
5%
L'Enfant Lion
0%
Aucun quiz correspondant
Distribution des résultats
% des personnes avec chaque résultat
Percentile par nombre de réponses
Votre historique - résultats
Vous n’avez pas pris ce quiz